| 000 | 00505nam a2200169Ia 4500 | ||
|---|---|---|---|
| 999 |
_c27139 _d27139 |
||
| 003 | OSt | ||
| 005 | 20201124144555.0 | ||
| 008 | 190216s9999||||xx |||||||||||||| ||und|| | ||
| 040 | _coclc | ||
| 082 |
_a920 _bPIL/P |
||
| 100 |
_aPillai, P Govinda _96803 |
||
| 245 | 0 |
_aPoonthanam Muthal Simon Vare / _cP Govinda Pillai |
|
| 260 |
_bCalicut University Publication, _aCalicut: _c1995. |
||
| 300 | _a68p | ||
| 650 | _aSahithya Vimarshanam | ||
| 942 |
_cBK _2ddc _h920 _iPIL/P _k920 _mPIL/P |
||